| 000 | 04817cam a22018494i 4500 | ||
|---|---|---|---|
| 003 | PE-LiUPU | ||
| 005 | 20251126181008.0 | ||
| 008 | 150706s2012 sp a r 000 0 spa d | ||
| 020 | _a9788480869133 | ||
| 035 | _a(Sirsi) i9788480869133 | ||
| 035 | _a(Sirsi) i9788480869133 | ||
| 040 |
_aPE-LiUPU _bspa _cPE-LiUPU _erda |
||
| 049 | _aPRUA | ||
| 082 | 0 | 4 |
_a610.73 _bV778 _221 |
| 245 | 0 | 0 |
_aVínculos de NOC y NIC a NANDA-I y diagnósticos médicos : _bsoporte para el razonamiento crítico y la calidad de los cuidados / _cMarion Johnson, Sue Moorhead, Gloria Bulechek, Howard Butcher, Meridean Maas, Elizabeth Swanson. |
| 250 | _aTercera edición. | ||
| 264 | 1 |
_aBarcelona : _bElsevier, _c2012. |
|
| 300 |
_a422 páginas : _bilustraciones ; _c24 centímetros |
||
| 336 |
_atext _2rdacontent |
||
| 337 |
_aunmediated _2rdamedia |
||
| 338 |
_avolume _2rdacarrier |
||
| 505 | 0 | _aLenguajes y aplicaciones -- Lenguajes y desarrollo de vínculos -- Uso de los vínculos para el razonamiento clínico y la mejora de la calidad -- Uso de NNN en sistemas electrónicos de información -- NOC y NIC vinculados a diagnósticos NANDA-I -- Introducción al empleo de vínculos para diagnósticos reales y diagnósticos de promoción de la salud -- NOC y NIC vinculados a diagnósticos de enfermería -- Introducción a los vínculos para los diagnósticos de enfermería de riesgo -- NOC Y NIC vinculados a diagnósticos de enfermería de riesgo -- NOC y NIC vinculados a diagnóstico médicos -- Introducción a los vínculos para diagnósticos médicos -- NOC y NIC relacionados con diagnósticos médicos. | |
| 526 | _aP203 | ||
| 526 | _aP200 | ||
| 526 | _aSEG65 | ||
| 526 | _aSEG64 | ||
| 526 | _aSEG63 | ||
| 526 | _aSEG62 | ||
| 526 | _aSEG61 | ||
| 526 | _aSEG60 | ||
| 526 | _aSEG59 | ||
| 526 | _aSEG58 | ||
| 526 | _aSEG57 | ||
| 526 | _aSEG56 | ||
| 526 | _aSEG55 | ||
| 526 | _aSEG54 | ||
| 526 | _aSEG53 | ||
| 526 | _aSEG52 | ||
| 526 | _aSEG51 | ||
| 526 | _aSEG50 | ||
| 526 | _aSEG49 | ||
| 526 | _aSEG48 | ||
| 526 | _aSEG47 | ||
| 526 | _aSEG46 | ||
| 526 | _aSEG24 | ||
| 526 | _aSEG23 | ||
| 526 | _aSEG22 | ||
| 526 | _aSEG21 | ||
| 526 | _aSEG20 | ||
| 526 | _aSEG19 | ||
| 526 | _aSEG18 | ||
| 526 | _aSEG17 | ||
| 526 | _aSEG16 | ||
| 526 | _aSEG14 | ||
| 526 | _aSEG13 | ||
| 526 | _aSEG12 | ||
| 526 | _aSEG11 | ||
| 526 | _aSEG10 | ||
| 526 | _aSEG09 | ||
| 526 | _aSEG06 | ||
| 526 | _aSEG05 | ||
| 526 | _aSEG04 | ||
| 526 | _aSEG03 | ||
| 526 | _aSEG02 | ||
| 526 | _aSEG68 | ||
| 526 | _aSEG66 | ||
| 526 | _aSEG45 | ||
| 526 | _aSEG25 | ||
| 526 | _aSEG01 | ||
| 526 | _aP163 | ||
| 526 | _aP162 | ||
| 526 | _aP161 | ||
| 526 | _aP160 | ||
| 526 | _aP159 | ||
| 526 | _aP158 | ||
| 526 | _aP157 | ||
| 526 | _aP156 | ||
| 526 | _aP155 | ||
| 526 | _aP154 | ||
| 526 | _aP153 | ||
| 526 | _aP152 | ||
| 526 | _aP151 | ||
| 526 | _aP150 | ||
| 526 | _aP149 | ||
| 526 | _aP142 | ||
| 526 | _aP141 | ||
| 526 | _aP140 | ||
| 526 | _aP139 | ||
| 526 | _aP138 | ||
| 526 | _aP137 | ||
| 526 | _aP132 | ||
| 526 | _aP131 | ||
| 526 | _aP130 | ||
| 526 | _aP126 | ||
| 526 | _aP125 | ||
| 526 | _aP124 | ||
| 526 | _aP123 | ||
| 526 | _aP115 | ||
| 526 | _aP122 | ||
| 526 | _aP121 | ||
| 526 | _aP116 | ||
| 526 | _a P114 | ||
| 526 | _aP112 | ||
| 526 | _aP111 | ||
| 526 | _aP104 | ||
| 526 | _aP103 | ||
| 526 | _aP102 | ||
| 526 | _aP101 | ||
| 526 | _aP100 | ||
| 526 | _aP96 | ||
| 526 | _aP95 | ||
| 526 | _aP93 | ||
| 526 | _aP92 | ||
| 526 | _aP91 | ||
| 526 | _aP88 | ||
| 526 | _aP83 | ||
| 526 | _aP82 | ||
| 526 | _aP79 | ||
| 526 | _aP78 | ||
| 526 | _aP75 | ||
| 526 | _aP74 | ||
| 526 | _aP71 | ||
| 526 | _aP69 | ||
| 526 | _a P51 | ||
| 526 | _aP49 | ||
| 526 | _aP48 | ||
| 526 | _aP47 | ||
| 526 | _aP33 | ||
| 526 | _aP31 | ||
| 526 | _a P30 | ||
| 526 | _aP29 | ||
| 526 | _aP27 | ||
| 526 | _aP26 | ||
| 526 | _aP25 | ||
| 526 | _aP24 | ||
| 526 | _a P22 | ||
| 526 | _aP10 | ||
| 526 | _aP09 | ||
| 526 | _a P08 | ||
| 526 | _aP06 | ||
| 526 | _aP05 | ||
| 526 | _aP04 | ||
| 526 | _aP01 | ||
| 650 | 1 | 7 |
_aCuidados de enfermería _xClasificación. _2embne |
| 650 | 2 | 7 | _aEvaluación de resultados (Asistencia sanitaria). |
| 650 | 2 | 7 | _aDiagnóstico de enfermería. |
| 700 | 1 |
_aJohnson, Marion, _d1936-. _eautor. |
|
| 700 |
_aMoorhead, Sue, _eautor. _97696 |
||
| 700 |
_aBulechek, Gloria, _eautor. _97697 |
||
| 700 |
_aButcher, Howard, _eautor. _97698 |
||
| 700 |
_aMaas, Meridean, _eautor. _97699 |
||
| 700 |
_aSwanson, Elizabeth, _eautor. _97700 |
||
| 910 | _agl | ||
| 942 |
_2ddc _cBK |
||
| 980 |
_818226 _gJaime Vilcazán Jefe de Análisis Documental |
||
| 999 |
_c54501 | 2 | 3 | 4 _d54501 |
||